| 000 | 01332cam a2200409 i 4500 | ||
|---|---|---|---|
| 001 | 200462850 | ||
| 003 | TR-AnTOB | ||
| 005 | 20241101095241.0 | ||
| 007 | ta | ||
| 008 | 241101t19931993tu a b 00110 tur d | ||
| 020 |
_a9757477036 _q(paperback) |
||
| 020 |
_a0683074938 _q(paperback) |
||
| 020 |
_a9780683074932 _q(paperback) |
||
| 035 | _a(TR-AnTOB)200462850 | ||
| 040 |
_aTR-AnTOB _beng _erda _cTR-AnTOB |
||
| 041 | 1 |
_atur _heng |
|
| 060 |
_aQS 604 _bS126m 1993 |
||
| 096 |
_aQS604 _bS126m 1993 |
||
| 100 | 1 |
_aSadler, T. W. _q(Thomas W.) _eauthor _999445 |
|
| 240 | 1 | 0 |
_aMedical Embryology. _lTurkish |
| 245 | 1 | 0 |
_aLangman's medikal embriyoloji / _cT. W. Sadler ; çeviri editörü Doç. Dr. A. Can Başaklar. |
| 250 | _aAltıncı baskı. | ||
| 264 | 1 |
_aAnkara : _bPalme Yayıncılık, _c1993. |
|
| 264 | 4 | _c©1993 | |
| 300 |
_axvi, 386 pages : _billustrations (some color) ; _c24 cm |
||
| 336 |
_atext _btxt _2rdacontent |
||
| 337 |
_aunmediated _bn _2rdamedia |
||
| 338 |
_avolume _bnc _2rdacarrier |
||
| 490 | 0 |
_aPalme Yayınları ; _v105 |
|
| 504 | _aBIBINDX | ||
| 546 | _aTürkçe | ||
| 650 | 2 |
_aCongenital Abnormalities _999447 |
|
| 650 | 2 |
_aEmbryology _997810 |
|
| 700 | 1 |
_aBaşaklar, Abdullah Can, _d1950- _etranslator _eeditor _9142081 |
|
| 942 |
_2NLM _cBK |
||
| 999 |
_c200462850 _d81062 |
||